| 000 | 00508nam a22001817a 4500 | ||
|---|---|---|---|
| 005 | 20251108164124.0 | ||
| 008 | 250721s1974 xx 000 0 ara d | ||
| 082 | 1 | 4 | _a029.7/شوم |
| 100 | 1 | _aشومييه، جاك | |
| 245 | 1 | 0 | _aأصول التوثيق / |
| 264 | 1 |
_aبيروت : _bمنشورات عويدات، _c1974. |
|
| 300 | _a158ص | ||
| 490 | 0 | _aسلسلة زدني علما | |
| 650 | 1 | 7 | _aالتوثيق |
| 700 | 1 |
_aعبده، أنطوان _eترجمة |
|
| 942 |
_2ddc _cBK |
||
| 999 |
_c4182 _d4182 |
||